[Event "copa Sao Paulo "]
[Site "http://www.queenalice.com/game.php?id=841871"]
[Date "2010.10.4"]
[Round "4"]
[White "flvsnts"]
[Black "julianomachado"]
[Result "0-1"]
[WhiteElo "1933"]
[BlackElo "1693"]

1. d4 d5 2. Bg5 h6 3. Bh4 Bf5 4. Nf3 Nd7 5. Ne5 c6 6. e3 Ngf6 7. Bd3 e6 8. Nxd7
Qxd7 9. Bxf6 gxf6 10. Bxf5 exf5 11. f4 Rg8 12. O-O O-O-O 13. a4 Re8 14. Qd3 h5
15. a5 a6 16. Nc3 Bb4 17. Ra4 c5 18. dxc5 Bxc3 19. Qxc3 Qxa4 20. b3 Qc6 21. Rf2
Re4 22. h4 Rg3 23. Rf3 Rxf3 24. gxf3 Re8 25. Kf2 Rg8 26. Qd4 Rd8 27. Ke2 Kc7 28.
c4 dxc4 29. Qxc4 Qd5 30. Qc2 Rg8 31. Kf2 Rd8 32. Ke2 Qc6 33. Qxf5 Qb5+ 34. Kf2
Rd2+ 35. Kg3 Qf1 36. Qh3 Qf2# 0-1

[Event "interclubes 2010"]
[Site "http://www.queenalice.com/game.php?id=842385"]
[Date "2010.10.6"]
[Round "5"]
[White "tche_elvio"]
[Black "flvsnts"]
[Result "0-1"]
[WhiteElo "1527"]
[BlackElo "1940"]

1. e4 e5 2. Nf3 Nc6 3. Bc4 Nf6 4. d4 exd4 5. Nxd4 Nxe4 6. Qe2 d5 7. Nxc6 bxc6 8.
Bd3 Bf5 9. Nc3 Bb4 10. Bd2 Bxc3 11. Bxc3 O-O 12. Bb4 Re8 13. O-O Ng3 14. Qxe8+
Qxe8 15. hxg3 Bxd3 16. cxd3 Qe2 17. Bc3 Qxd3 18. Rad1 Qc4 19. a3 c5 20. Rd2 h5
21. f4 a5 22. Be5 c6 23. Kf2 d4 24. Rh1 f6 25. Bc7 Qf7 26. Bb6 Qe7 27. Re2 Qd6
28. Rxh5 c4 29. Bc5 Qd8 30. Re4 d3 31. Rxc4 d2 32. Rd4 Qxd4+ 33. Bxd4 d1=Q 34.
Rc5 Qxd4+ 0-1

[Event "COPA CEARA"]
[Site "http://www.queenalice.com/game.php?id=852505"]
[Date "2010.10.30"]
[Round "4"]
[White "flvsnts"]
[Black "Vladimir"]
[Result "0-1"]
[WhiteElo "1942"]
[BlackElo "1792"]

1. d4 d5 2. Bg5 Nf6 3. f3 c5 4. dxc5 e6 5. b4 Nc6 6. b5 Na5 7. Qd4 Nc4 8. e4 Be7
9. e5 Nd7 10. Bxe7 Qxe7 11. Bxc4 dxc4 12. c6 bxc6 13. bxc6 Nb6 14. a4 O-O 15. a5
Nd5 16. Ne2 Ba6 17. Nbc3 Nb4 18. Qe4 f5 19. exf6 Rxf6 20. Nd4 Re8 21. O-O Qc5
22. Rf2 Re7 23. Ra4 e5 24. Nf5 Ree6 25. c7 g6 26. Ng3 Rc6 27. Qe2 Rf8 28. Nge4
Qe7 29. Qd2 Rxc7 30. Nd6 Rb8 31. Nce4 Nc6 32. Nc3 Nd4 33. Nd5 Rb1+ 34. Rf1 Rxf1+
35. Kxf1 c3+ 36. Kg1 cxd2 37. Nxe7+ Rxe7 38. Ra1 Be2 39. c3 Nb3 40. Rb1 Rd7 41.
Ne4 d1=Q+ 42. Rxd1 Rxd1+ 43. Kf2 Bd3 44. Nf6+ Kh8 45. Ng4 Nxa5 46. Ke3 Nc4+ 47.
Kf2 a5 48. Kg3 a4 0-1

[Event "Challenge"]
[Site "http://www.queenalice.com/game.php?id=886551"]
[Date "2011.1.15"]
[Round "-"]
[White "flvsnts"]
[Black "Vladimir"]
[Result "1-0"]
[WhiteElo "1920"]
[BlackElo "1853"]

1. e4 e5 2. Nf3 Nc6 3. Bc4 h6 4. d4 exd4 5. Nxd4 Bc5 6. Qh5 Qf6 7. Qxc5 d6 8.
Qb5 Qxd4 9. Bd5 Ne7 10. c3 Qb6 11. Qc4 Ne5 12. Qe2 Bg4 13. f3 Bh5 14. Be3 Nxd5
15. Bxb6 1-0

[Event "AUTO-MASTER-1335"]
[Site "http://www.queenalice.com/game.php?id=894710"]
[Date "2011.2.2"]
[Round "1"]
[White "ocarrasco"]
[Black "flvsnts"]
[Result "1-0"]
[WhiteElo "1969"]
[BlackElo "1880"]

1. e4 e5 2. Nf3 Nc6 3. Bb5 Nf6 4. O-O Nxe4 5. Re1 a6 6. Bxc6 Nxf2 7. Bxd7+ Bxd7
8. Kxf2 Bc5+ 9. Kf1 Bb5+ 10. d3 O-O 11. Be3 Bxe3 12. Rxe3 f6 13. Nc3 Bc6 14. Nd2
b5 15. Rg3 b4 16. Nce4 f5 17. Ng5 f4 18. Rg4 Bd7 19. Nde4 Bxg4 20. Qxg4 Qe7 21.
Re1 g6 22. Nf3 Rae8 23. Ned2 Qc5 24. Rc1 Qb5 25. Kg1 Qa4 26. a3 bxa3 27. bxa3
Qxa3 28. Re1 Qc3 29. Qd7 Qxc2 30. Qd5+ Kg7 31. Rxe5 Qd1+ 32. Kf2 Rxe5 33. Qxe5+
Rf6 34. Qxc7+ Kh6 35. Qe5 Rf5 36. Qd6 a5 37. h3 Kh5 38. Ne4 Qc2+ 39. Kg1 a4 40.
g4+ fxg3 41. Nxg3+ Kh6 42. Nxf5+ Kh5 43. Ng3+ Kh6 44. Qf8# 1-0

[Event "AUTO-MASTER-1335"]
[Site "http://www.queenalice.com/game.php?id=894711"]
[Date "2011.2.2"]
[Round "1"]
[White "flvsnts"]
[Black "ocarrasco"]
[Result "0-1"]
[WhiteElo "1850"]
[BlackElo "1970"]

1. d4 d5 2. Bg5 g6 3. Nc3 Bg7 4. Nf3 h6 5. Bh4 Nf6 6. e3 O-O 7. Ne5 Nbd7 8. Nxg6
fxg6 9. Qd3 Kh7 10. Bxf6 Nxf6 11. e4 dxe4 12. Nxe4 Nxe4 13. Qxe4 Qxd4 14. Qxd4
Bxd4 15. O-O-O Bxf2 16. h3 Be3+ 17. Kb1 Bf5 18. Re1 Bc5 19. g4 Rad8 20. gxf5
Rxf5 21. Bd3 Rf2 22. a3 Rdf8 23. b4 Bd6 24. h4 a5 25. c3 axb4 26. cxb4 R8f3 27.
Rd1 Be5 28. Rhe1 Bd6 29. h5 Rxd3 30. hxg6+ Kxg6 31. Rxd3 h5 32. Rdd1 h4 33. Re4
h3 34. Rg1+ Kf5 35. Rh4 h2 36. Rc1 Rg2 37. Rf1+ Ke6 38. Re4+ Kd7 39. Ree1 c5 40.
b5 Kc7 41. a4 Kb6 42. Kc1 Ka5 43. Rh1 Kxa4 44. Kd1 Kxb5 45. Re2 Rg1+ 46. Re1
Rxh1 47. Rxh1 Kc4 48. Kc2 b5 49. Kd2 b4 50. Rc1+ Kd4 0-1

[Event "AUTO-MASTER-1335"]
[Site "http://www.queenalice.com/game.php?id=894728"]
[Date "2011.2.2"]
[Round "1"]
[White "flvsnts"]
[Black "BIBIU16"]
[Result "0-1"]
[WhiteElo "1929"]
[BlackElo "2133"]

1. d4 Nf6 2. Bg5 Ne4 3. Nf3 Nxg5 4. Nxg5 e5 5. e3 Qxg5 6. dxe5 Qxe5 7. Nc3 Bb4
8. Qd2 Bxc3 9. bxc3 O-O 10. Bd3 Nc6 11. O-O d6 12. Rab1 Rb8 13. Rb5 Qe7 14. Re1
Bd7 15. f4 Ne5 16. Ra5 Nxd3 17. cxd3 a6 18. e4 c5 19. e5 Qd8 20. c4 dxe5 21.
Rxe5 Re8 22. Rd5 Qe7 23. Re5 Qf6 24. Raxc5 Rxe5 25. Rxe5 Bc6 26. d4 Qg6 27. d5
Ba4 28. d6 Rd8 29. c5 Bc6 30. Re7 h5 31. h4 Qf6 32. g3 Qf5 33. Re5 Qg4 34. Qf2
Qd1+ 35. Re1 Qd5 36. f5 Qh1# 0-1

[Event "AUTO-MASTER-1335"]
[Site "http://www.queenalice.com/game.php?id=894729"]
[Date "2011.2.2"]
[Round "1"]
[White "BIBIU16"]
[Black "flvsnts"]
[Result "1-0"]
[WhiteElo "2175"]
[BlackElo "1927"]

1. e4 e5 2. Nf3 Nc6 3. Bb5 a6 4. Ba4 b5 5. Bb3 Nf6 6. O-O Nxe4 7. Re1 d5 8. Qe2
Bc5 9. d4 Nxd4 10. Nxd4 Bxd4 11. Rf1 Bxf2+ 12. Rxf2 Nxf2 13. Qxe5+ Kf8 14. Kxf2
Be6 15. Be3 h6 16. Bc5+ Kg8 17. Bd4 Rh7 18. c4 bxc4 19. Bc2 g6 20. Bxg6 fxg6 21.
Qxe6+ Rf7+ 22. Kg1 Qf8 23. Nd2 Re8 24. Qxg6+ Rg7 25. Bxg7 Qxg7 26. Qxg7+ Kxg7
27. Kf2 Rb8 28. b3 c3 29. Nf3 c5 30. Ke3 Re8+ 31. Kd3 d4 32. Re1 Rb8 33. Kc4 Rc8
34. Ne5 Re8 35. Nd3 Rxe1 36. Nxe1 Kf6 37. Kxc5 Ke5 38. Nd3+ Ke4 39. Kc4 Ke3 40.
b4 c2 41. a4 h5 42. b5 axb5+ 43. axb5 Kd2 44. b6 c1=Q+ 45. Nxc1 Kxc1 46. b7 Kd2
47. b8=Q 1-0

[Event "AUTO-MASTER-1335"]
[Site "http://www.queenalice.com/game.php?id=894730"]
[Date "2011.2.2"]
[Round "1"]
[White "flvsnts"]
[Black "decarvalho"]
[Result "1-0"]
[WhiteElo "1907"]
[BlackElo "2001"]

1. d4 Nf6 2. Nc3 g6 3. e4 d6 4. Nf3 Bg7 5. Bc4 O-O 6. Ng5 Nbd7 7. Nxf7 Rxf7 8.
Bxf7+ Kxf7 9. e5 Ng8 10. Qf3+ Ke8 11. e6 Nb8 12. Qf7# 1-0

[Event "AUTO-MASTER-1335"]
[Site "http://www.queenalice.com/game.php?id=894731"]
[Date "2011.2.2"]
[Round "1"]
[White "decarvalho"]
[Black "flvsnts"]
[Result "1-0"]
[WhiteElo "1972"]
[BlackElo "1905"]

1. c4 e5 2. Nc3 Nf6 3. e4 Bc5 4. Nf3 Ng4 5. d4 exd4 6. Nxd4 Qf6 7. Qxg4 Bxd4 8.
Qg3 Nc6 9. Nd5 Qxf2+ 10. Qxf2 Bxf2+ 11. Kxf2 O-O 12. Nxc7 Rb8 13. Bf4 d6 14.
Bxd6 Rd8 15. c5 b6 16. Nd5 bxc5 17. Bxb8 Be6 18. Bf4 f5 19. Bb5 Nd4 20. Nc3 Nc2
21. Rac1 Nd4 22. Bd3 c4 23. Bb1 fxe4 24. Bxe4 h6 25. Rhf1 Rf8 26. Kg1 Bg4 27.
Be3 Rd8 28. Bd5+ Rxd5 29. Nxd5 Ne2+ 30. Kf2 Nxc1 31. Rxc1 Be6 32. Nc7 Bf7 33. a4
g5 34. a5 Kg7 35. Bxa7 Kf6 36. a6 Ke5 37. Rd1 Bg6 38. Rd4 Be4 39. Bc5 Bc6 40.
Ke3 h5 41. a7 g4 42. g3 Kf5 43. Rf4+ Ke5 44. Rf7 Bg2 45. Re7+ Kf6 46. Kf4 Bb7
47. Re6+ Kf7 48. Kg5 Kg7 49. Re7+ Kg8 50. Kg6 Bc6 51. Rg7+ Kh8 52. Kh6 Be4 53.
Bd4 Bb7 54. Rg6# 1-0

[Event "AUTO-MASTER-1336"]
[Site "http://www.queenalice.com/game.php?id=895352"]
[Date "2011.2.3"]
[Round "1"]
[White "nemeth"]
[Black "flvsnts"]
[Result "1-0"]
[WhiteElo "2215"]
[BlackElo "1927"]

1. e4 e5 2. Nc3 Nf6 3. f4 exf4 4. e5 Ng8 5. Nf3 Nc6 6. d4 g5 7. Bc4 g4 8. Ng1
Qh4+ 9. Kf1 Bh6 10. Qd3 Na5 11. Nb5 Rb8 12. Nxc7+ Kd8 13. Nd5 Nxc4 14. Qxc4 Ke8
15. Nxf4 g3 16. Nf3 Qg4 17. h3 Qf5 18. d5 Bxf4 19. Bxf4 b5 20. Qd4 Rb6 21. Re1
Ra6 22. e6 f6 23. exd7+ Kxd7 24. Bxg3 Rxa2 25. Qc5 Ra6 26. Qc7# 1-0

[Event "AUTO-MASTER-1336"]
[Site "http://www.queenalice.com/game.php?id=895353"]
[Date "2011.2.3"]
[Round "1"]
[White "flvsnts"]
[Black "nemeth"]
[Result "0-1"]
[WhiteElo "1921"]
[BlackElo "2185"]

1. d4 d5 2. Bg5 g6 3. Nc3 Bg7 4. Nf3 Nf6 5. Qd2 Bf5 6. O-O-O a6 7. Bh6 O-O 8. h3
b5 9. g4 Be4 10. Nxe4 Nxe4 11. Qe3 Nd7 12. Bxg7 Kxg7 13. h4 Ndf6 14. Rg1 a5 15.
h5 a4 16. Nd2 b4 17. Nxe4 Nxe4 18. f3 Nd6 19. Qe5+ f6 20. Qxd5 c6 21. Qc5 b3 22.
a3 bxc2 23. Kxc2 Qb8 24. Kb1 Ra7 25. e4 Rb7 26. Rd2 Rb3 27. Be2 Qb7 28. Bd1 Rb5
29. Qc2 Rb8 30. Rgg2 Rb3 31. e5 Nb5 32. Rd3 Nxa3+ 33. Kc1 Nxc2 34. Bxc2 Rxb2 35.
exf6+ exf6 36. d5 cxd5 37. Rgd2 Rb1+ 38. Bxb1 Qxb1# 0-1

[Event "AUTO-MASTER-1336"]
[Site "http://www.queenalice.com/game.php?id=895366"]
[Date "2011.2.3"]
[Round "1"]
[White "Buuuu"]
[Black "flvsnts"]
[Result "0-1"]
[WhiteElo "2012"]
[BlackElo "1921"]

1. e4 e5 2. Nf3 Nc6 3. Nc3 Nf6 4. Bb5 Bc5 5. O-O Ng4 6. Na4 Nxf2 7. Rxf2 Bxf2+
8. Kxf2 a6 9. Be2 d5 10. exd5 Qxd5 11. Nc3 Qc5+ 12. Kf1 Nd4 13. d3 Nxe2 14. Qxe2
f6 15. d4 Qd6 16. dxe5 fxe5 17. Qxe5+ Qxe5 18. Nxe5 O-O+ 19. Kg1 Bf5 20. Nd3
Rae8 21. Bg5 h6 22. Bh4 b5 23. Bg3 c6 24. Nb4 a5 25. Nxc6 b4 26. Nd5 Be4 27.
Ndxb4 axb4 28. Nxb4 Rc8 29. c3 Rcd8 30. a4 Rd2 0-1

[Event "AUTO-MASTER-1336"]
[Site "http://www.queenalice.com/game.php?id=895367"]
[Date "2011.2.3"]
[Round "1"]
[White "flvsnts"]
[Black "Buuuu"]
[Result "0-1"]
[WhiteElo "1941"]
[BlackElo "1997"]

1. d4 Nf6 2. Nc3 c5 3. d5 e5 4. dxe6 fxe6 5. e4 d5 6. e5 Nfd7 7. Nf3 Nc6 8. Bf4
a6 9. Be2 Be7 10. Qd2 b5 11. Bg5 h6 12. Bxe7 Qxe7 13. Qf4 Bb7 14. Qg3 O-O-O 15.
a4 b4 16. Nd1 g5 17. Ne3 Qg7 18. Qg4 Rde8 19. c4 d4 20. Nc2 Ncxe5 21. Nxe5 Nxe5
22. Qg3 h5 23. h4 g4 24. f4 d3 25. Bxd3 Nxd3+ 26. Qxd3 Bxg2 27. Rg1 Bf3 28. b3
Qf6 29. Kd2 Rd8 30. Qxd8+ Rxd8+ 31. Ke1 Qc3+ 32. Kf2 Qxc2+ 33. Kg3 Rd2 34. f5 e5
0-1

[Event "AUTO-MASTER-1336"]
[Site "http://www.queenalice.com/game.php?id=895376"]
[Date "2011.2.3"]
[Round "1"]
[White "flvsnts"]
[Black "Guilherme_Ottoni"]
[Result "1/2-1/2"]
[WhiteElo "1923"]
[BlackElo "2078"]

1. d4 Nf6 2. Nc3 d5 3. Bg5 Nbd7 4. Nf3 e6 5. Ne5 h6 6. Bh4 g5 7. Bg3 Nh5 8. e3
Nxg3 9. hxg3 Nxe5 10. dxe5 Bg7 11. f4 Bd7 12. e4 dxe4 13. Nxe4 Bc6 14. Qxd8+
Rxd8 15. Bd3 Ke7 16. O-O-O f5 17. Nc5 b6 18. Na6 Bxg2 19. Rh2 Bf3 20. Rf1 Bb7
21. Nxc7 Bc6 22. Bc4 Bd7 23. Nb5 Bxb5 24. Bxb5 gxf4 25. gxf4 Rd5 26. Bc4 Rd4 27.
b3 Rhd8 1/2-1/2

[Event "AUTO-MASTER-1336"]
[Site "http://www.queenalice.com/game.php?id=895377"]
[Date "2011.2.3"]
[Round "1"]
[White "Guilherme_Ottoni"]
[Black "flvsnts"]
[Result "1-0"]
[WhiteElo "2035"]
[BlackElo "1916"]

1. e4 e5 2. Nf3 Nc6 3. Bb5 a6 4. Ba4 b5 5. Bb3 Nf6 6. O-O Bc5 7. a4 b4 8. c3
bxc3 9. bxc3 Nxe4 10. d4 exd4 11. cxd4 Bb4 12. Bd5 Nf6 13. Bxc6 dxc6 14. Qb3 a5
15. Ne5 Be6 16. Qe3 Qd6 17. Bd2 Bxd2 18. Nxd2 O-O 19. Rfc1 Ra6 20. Rab1 Ng4 21.
Nxg4 Bxg4 22. Ne4 Qg6 23. f3 Bf5 24. Rb7 Bxe4 25. Qxe4 Qxe4 26. fxe4 Rc8 27.
Rcb1 f6 28. Kf2 Kf7 29. Ke3 Ke6 30. h4 Kd6 31. g4 c5 32. dxc5+ Kxc5 33. Rc1+ Kd6
34. Kd4 Kd7 35. Rc5 Rd6+ 36. Rd5 Rxd5+ 37. exd5 Ra8 38. Kc5 Re8 39. Kd4 h5 40.
gxh5 f5 41. Ra7 Re4+ 42. Kc5 Rxa4 43. d6 f4 44. Rxc7+ Kd8 45. Rxg7 f3 46. Rf7
Ra3 47. h6 Re3 48. h7 Re8 49. Rxf3 Rh8 50. Rf7 Kc8 51. Kc6 a4 52. Rb7 a3 53. d7+
Kd8 54. Kd6 a2 55. Rb8# 1-0

[Event "Challenge"]
[Site "http://www.queenalice.com/game.php?id=900355"]
[Date "2011.2.14"]
[Round "-"]
[White "cass"]
[Black "flvsnts"]
[Result "0-1"]
[WhiteElo "1546"]
[BlackElo "1905"]

1. e4 e5 2. Nf3 Nc6 3. Nc3 Nf6 4. Bc4 Bb4 5. Ng5 d5 6. exd5 Nxd5 7. Nxd5 Na5 8.
Nxb4 Nxc4 9. d3 Nd6 10. O-O h6 11. Ne4 Nxe4 12. dxe4 Qxd1 13. Rxd1 Bd7 14. Nd5
O-O-O 15. Be3 Kb8 16. b3 Bg4 17. f3 Bh5 18. a4 g5 19. g4 Bg6 20. a5 h5 21. Bxg5
Rd6 22. Bf6 Rh7 23. Bxe5 Rd8 24. Bxc7+ Kc8 25. Bxd8 hxg4 26. Nf6 Rh8 27. Be7
gxf3 28. Bc5 a6 29. Rd3 Rh3 30. Rad1 Kc7 31. Bb6+ Kc6 32. Rd6+ Kb5 33. c4+ Kb4
34. Nd5+ Kxb3 35. Nf4 Rh4 36. Nxg6 fxg6 37. Rxg6 Rxe4 38. c5 Kc2 39. Rgd6 Re2
40. R1d3 Rg2+ 41. Kh1 Rf2 42. Kg1 Rg2+ 43. Kh1 Rf2 44. Kg1 Rg2+ 45. Kf1 Rxh2 46.
Rxf3 Rh1+ 0-1

[Event "AUTO-MASTER-1352"]
[Site "http://www.queenalice.com/game.php?id=904131"]
[Date "2011.2.22"]
[Round "1"]
[White "jrafaelcc"]
[Black "flvsnts"]
[Result "1-0"]
[WhiteElo "2199"]
[BlackElo "1903"]

1. e4 Nc6 2. d4 d5 3. Nc3 Nf6 4. e5 Ne4 5. Nxe4 dxe4 6. c3 Bf5 7. Bb5 a6 8. Ba4
b5 9. Bc2 e6 10. Ne2 b4 11. Ba4 Qd5 12. O-O a5 13. Nf4 Qc4 14. b3 Qa6 15. d5
exd5 16. Qxd5 Bd7 17. e6 fxe6 18. Nxe6 Qb6 19. Rd1 Bd6 20. Qxe4 Kf7 21. Ng5+ Kf8
22. Qf3+ Ke7 23. Re1+ Kd8 24. Nf7+ Kc8 25. Nxh8 Kb7 26. Nf7 Bc5 27. Be3 Bxe3 28.
Rxe3 Qc5 29. Ne5 Be8 30. Bxc6+ Bxc6 31. Qxc6+ Qxc6 32. Nxc6 Kxc6 33. h4 bxc3 34.
Rxc3+ Kb6 35. Rac1 Rc8 36. g4 c5 37. Kg2 Kb5 38. f4 Kb4 39. Rc4+ Kb5 40. Kf3 g6
41. f5 gxf5 42. gxf5 h5 43. Kf4 Rg8 44. Rxc5+ Kb4 45. f6 Rg4+ 46. Kf5 Rg2 47.
R1c4+ Ka3 48. Rxa5+ Kb2 49. f7 Rf2+ 50. Rf4 Rxf4+ 51. Kxf4 1-0

[Event "AUTO-MASTER-1352"]
[Site "http://www.queenalice.com/game.php?id=904132"]
[Date "2011.2.22"]
[Round "1"]
[White "flvsnts"]
[Black "jrafaelcc"]
[Result "0-1"]
[WhiteElo "1907"]
[BlackElo "2218"]

1. d4 Nf6 2. Nc3 d5 3. Bg5 e6 4. Nf3 c5 5. e3 h6 6. Bh4 Nc6 7. Ne5 Be7 8. Bxf6
Bxf6 9. Qh5 O-O 10. Ng4 cxd4 11. exd4 Bxd4 12. f4 Qa5 13. Qh3 e5 14. Nxh6+ gxh6
15. Qxh6 exf4 16. Bd3 f5 17. Qg6+ Bg7 18. O-O Qc5+ 19. Kh1 Rf6 20. Qe8+ Qf8 21.
Qxf8+ Kxf8 22. Nxd5 Rd6 23. Nc3 Nb4 24. Rad1 Nxd3 25. cxd3 Be6 26. a4 a6 27.
Rxf4 Rad8 28. Rf3 Rb6 29. Rf2 Bd4 30. Re2 Kf7 31. Rf1 Bxc3 32. bxc3 Rxd3 33. g4
Rxc3 34. gxf5 Bc4 35. Rfe1 Bxe2 36. Rxe2 Rf3 37. Kg2 Rxf5 38. h4 Rg6+ 39. Kh2
Rf4 40. Kh3 Rgg4 41. h5 Rxa4 42. Rf2+ Rgf4 43. Rg2 Rh4+ 44. Kg3 Rag4+ 45. Kf3
Rxg2 46. Kxg2 Rxh5 47. Kf3 Re5 0-1

[Event "AUTO-MASTER-1352"]
[Site "http://www.queenalice.com/game.php?id=904147"]
[Date "2011.2.22"]
[Round "1"]
[White "flvsnts"]
[Black "RafaelCabral"]
[Result "0-1"]
[WhiteElo "1839"]
[BlackElo "2122"]

1. d4 g6 2. Bg5 c5 3. d5 Bg7 4. d6 Bxb2 5. Nc3 Bxc3+ 6. Bd2 Bxa1 7. Qxa1 Nf6 8.
dxe7 Kxe7 9. Bg5 Ke6 10. Nf3 Nc6 11. g3 h6 12. Bh3+ Kd6 13. Bxf6 Qa5+ 14. Bc3
Nb4 15. Qd1+ Kc7 16. Bxh8 d5 17. Be5+ Kb6 18. Bxc8 Rxc8 19. O-O Qxa2 20. c3 Nc6
21. Bf4 g5 22. Be3 Qc4 23. Qc2 Kc7 24. Re1 Re8 25. Qh7 d4 26. cxd4 cxd4 27. Nxd4
Nxd4 28. Kf1 Nc2 29. Rd1 Rxe3 30. fxe3 Nxe3+ 31. Ke1 Qc3+ 32. Rd2 Qc1+ 33. Kf2
Qxd2 34. Qxf7+ Kd6 35. Qf6+ Kc5 36. Qe7+ Kd4 37. Qd6+ Nd5 38. Qxh6 Qe3+ 39. Ke1
Kc3 40. Qg7+ Kc2 41. Qh7+ Kc1 42. Kf1 Nc3 43. Qd3 Qxd3 44. exd3 Kd2 0-1

[Event "AUTO-MASTER-1352"]
[Site "http://www.queenalice.com/game.php?id=904148"]
[Date "2011.2.22"]
[Round "1"]
[White "RafaelCabral"]
[Black "flvsnts"]
[Result "1-0"]
[WhiteElo "2126"]
[BlackElo "1834"]

1. e4 Nc6 2. d4 d5 3. e5 Bf5 4. h4 Nb4 5. Na3 Qd7 6. c3 Nc6 7. Bb5 a6 8. Ba4 b5
9. Bb3 b4 10. Nc2 e6 11. Ba4 a5 12. Ne3 Nge7 13. g4 Ng6 14. gxf5 exf5 15. Nxf5
O-O-O 16. Qd3 Qe6 17. Bg5 f6 18. Qa6+ Kd7 19. Qxc6+ Qxc6 20. Bxc6+ Kxc6 21. exf6
Re8+ 22. Kd1 gxf6 23. Bxf6 Rg8 24. Nf3 Nf4 25. Ne5+ Kb5 26. Bg5 Ne6 27. f4 c5
28. dxc5 Nxc5 29. Nd4+ Kb6 30. cxb4 axb4 31. Re1 Kb7 32. Rc1 Ne4 33. Rc6 Bg7 34.
Re6 h6 35. Be7 Ra8 36. Bxb4 Rxa2 37. Ba3 Rc8 38. Re7+ Rc7 39. Rxc7+ Kxc7 40.
Ne6+ Kb6 41. Nxg7 Ra1+ 42. Ke2 Ra2 43. Kd3 Nc5+ 44. Kc2 1-0

[Event "AUTO-MASTER-1352"]
[Site "http://www.queenalice.com/game.php?id=904149"]
[Date "2011.2.22"]
[Round "1"]
[White "flvsnts"]
[Black "pgierech"]
[Result "0-1"]
[WhiteElo "1868"]
[BlackElo "1824"]

1. d4 Nf6 2. Nc3 d5 3. Bg5 c6 4. Nf3 e6 5. Ne5 Be7 6. e3 O-O 7. Bd3 h6 8. Bxf6
Bxf6 9. Qh5 Bxe5 10. Qxe5 Nd7 11. Qf4 Nf6 12. e4 Nh5 13. Qf3 dxe4 14. Qxe4 Nf6
15. Qf3 Qb6 16. Ne4 Qxd4 17. c3 Qe5 18. O-O Nd5 19. g3 b6 20. c4 Nb4 21. Rfe1
Nxd3 22. Qxd3 Ba6 23. b4 Rfd8 24. Qc2 Rd4 25. Nc5 Qc7 26. Nxa6 Qd6 27. c5 Qd7
28. Rad1 Rd8 29. Rxd4 Qxd4 30. Re4 Qd5 31. Nc7 Qd7 32. cxb6 axb6 33. Na6 Qb7 0-1

[Event "AUTO-MASTER-1352"]
[Site "http://www.queenalice.com/game.php?id=904150"]
[Date "2011.2.22"]
[Round "1"]
[White "pgierech"]
[Black "flvsnts"]
[Result "1-0"]
[WhiteElo "1822"]
[BlackElo "1899"]

1. a3 d5 2. d4 Bg4 3. Nf3 Nc6 4. h3 Bh5 5. Bf4 Nf6 6. e3 e6 7. Be2 Bd6 8. Bxd6
Qxd6 9. Nbd2 e5 10. dxe5 Nxe5 11. Nxe5 Bxe2 12. Qxe2 Qxe5 13. O-O-O d4 14. Rhe1
dxe3 15. Nf3 Qc5 16. Qxe3+ Qxe3+ 17. Rxe3+ Kf8 18. g4 h5 19. g5 Ne8 20. Rd7 b5
21. Ree7 f6 22. Nd4 Kg8 23. Ne6 fxg5 24. Rxg7+ Nxg7 25. Rxg7# 1-0